Klick den Text von „Last Christmas“ - Statistiken

Allgemein
  • Dieses Quiz wurde 51 mal gespielt
  • Das Durchschnittsergebnis liegt bei 20 aus 47
Antwortstatistiken
Hint Antwort % Korrekt
(Start)„Last Christmas, I gave you my heart
98%
But the very next day you gave it away
87%
This year, to save me from tears
79%
I‘ll give it to someone special.
77%
But the very next day you gave it away
77%
„Last Christmas, I gave you my heart
74%
I‘ll give it to someone special.
74%
This year, to save me from tears
72%
I keep my distance
53%
Do you recognise me?
51%
But you still catch my eye
49%
One bitten and twice shy
47%
Tell me, baby
45%
„Last Christmas, I gave you my heart
43%
„Last Christmas, I gave you my heart
40%
I‘ll give it to someone special.
40%
I‘ll give it to someone special.
40%
It doesn‘t surprise me
40%
This year, to save me from tears
40%
This year, to save me from tears
40%
But the very next day you gave it away
40%
But the very next day you gave it away
40%
But the very next day you gave it away
40%
But the very next day you gave it away
40%
„Last Christmas, I gave you my heart
38%
I‘ll give it to someone special.
38%
This year, to save me from tears
38%
„Last Christmas, I gave you my heart
36%
But if you kissed me now
36%
This year, to save me from tears
36%
I‘ll give it to someone special.
34%
(* Merry Christmas*) I wrapped it up and sent it
32%
Me? I guess I was a shoulder to cry on.
32%
With a note saing “I love you,“ I meant it
32%
Well, it‘s been a year
32%
I‘ll give it to someone special.
32%
Now, I know what a fool I’ve been
32%
I know you‘d fool me again.
32%
Now, I‘ve found a real love you‘ll never fool me again.
28%
A face on a lover with a fire in his heart
28%
A face on a lover With a fire in his heart
28%
I‘m hiding from you, and your soul of ice
23%
A crowded room, friends with tired eyes
21%
My god, I thought you were someone to rely on
21%
A man under cover but you tore him apart
15%
A man under cover but you tore me apart
15%
Maybe next year I‘ll give it to someone
15%
Keine übereinstimmenden Quizze gefunden
Verteilung der Resultate
Anzahl Personen mit jedem Resultat
Perzentil nach korrekt beantworteten Fragen
Ihre Resultats-Entwicklung
Sie haben dieses Quiz noch nicht gespielt